000 00202nam a22000857a 4500
008 161122b xxu||||| |||| 00| 0 eng d
100 _91314
_aPalacios.A.
245 _aViva Mexico A Story
260 _aUSA
_c1997
999 _c4027
_d4027